Shared interest (Record no. 105756)

MARC details
000 -LEADER
fixed length control field 00747cam a2200205 4500
001 - CONTROL NUMBER
control field ##L134646
008 - FIXED-LENGTH DATA ELEMENTS--GENERAL INFORMATION
fixed length control field 060822n2006 000 0 eng u
035 ## - SYSTEM CONTROL NUMBER
System control number (Sirsi) u134646
041 0# - LANGUAGE CODE
Language code of text/sound track or separate title eng
050 04 - LIBRARY OF CONGRESS CALL NUMBER
Classification number 711.52 $2 18
110 2# - MAIN ENTRY--CORPORATE NAME
Corporate name or jurisdiction name as entry element English Heritage
9 (RLIN) 2714
245 00 - TITLE STATEMENT
Title Shared interest
Remainder of title celebrating investment in the historic environment.
260 ## - PUBLICATION, DISTRIBUTION, ETC.
Place of publication, distribution, etc. London
Name of publisher, distributor, etc. English Heritage
Date of publication, distribution, etc. 2006
300 ## - PHYSICAL DESCRIPTION
Extent 49p.
Other physical details ill.
Dimensions 30cm.
520 ## - SUMMARY, ETC.
Summary, etc. A selection of case studies that illustrate the successful adaptation and development of historic buildings and their surroundings.
590 ## - LOCAL NOTE (RLIN)
Local note IKA220806
651 #4 - SUBJECT ADDED ENTRY--GEOGRAPHIC NAME
Geographic name England
Chronological subdivision 886-
690 ## - LOCAL SUBJECT ADDED ENTRY--TOPICAL TERM (OCLC, RLIN)
Topical term or geographic name as entry element BUILT ENVIRONMENT-BUILDING TYPES-HISTORIC BUILDINGS AND ANCIENT MONUMENTS-LISTED BUILDINGS
942 ## - ADDED ENTRY ELEMENTS (KOHA)
Suppress in OPAC 0
Holdings
Withdrawn status Lost status Source of classification or shelving scheme Damaged status Not for loan Home library Current library Shelving location Date acquired Total Checkouts Full call number Barcode Date last seen Date last checked out Copy number Price effective from Koha item type
    Dewey Decimal Classification     London London Folio 22/08/2006 1 F711.52 ENG 30072467 06/08/2019 09/10/2009 1 06/08/2019 Book